| 000 | 03512cgm a2200697Ka 4500 | ||
|---|---|---|---|
| 001 | ocn608103998 | ||
| 003 | OCoLC | ||
| 005 | 20241220125246.0 | ||
| 008 | 100420p20102009xxu100 vleng d | ||
| 007 | vd cvaizq | ||
| 040 |
_aTEFMT _cTEFMT _dTEF _dJST _dGK5 _dUINTA |
||
| 020 | _a1417212624 | ||
| 020 | _a9781417212620 | ||
| 024 | 1 | _a652405001399 | |
| 028 | 4 | 2 |
_aNEM-DV-13 _bNational Entertainment Media |
| 035 | _a(OCoLC)608103998 | ||
| 037 |
_bMidwest Tape _nhttp://www.midwesttapes.com |
||
| 041 | 1 |
_aeng _jeng _jspa _heng |
|
| 050 | 4 |
_aPN1997.2 _b.G74 2010 |
|
| 082 | 0 | 4 |
_a791.43/72 _222 |
| 049 | _aUCLB | ||
| 092 | _a791.437 | ||
| 245 | 0 | 4 |
_aThe greatest _h[videorecording] / _cBarbarian Film Group in association with Oceana Media Finance presents a Silverwood Films/Irish Dreamtime Production a Shana Feste film ; produced by Lynette Howell, Beau St. Clair ; written and directed by Shana Feste. |
| 260 |
_a[United States] : _bNational Entertainment Media ; Port Washington, N. Y. : _bManufactured and distributed by E1 Entertainment, _c2010. |
||
| 300 |
_a1 videodisc (100 min.) : _bsd., col. ; _c4 3/4 in. |
||
| 508 | _aLaura Rosenthal and Ali Farrell, casting; Manish Raval and Tom Wolfe, music supervisors; Nissa Ren Cannon, Chris Charalambous, associate producers; Luca Mosca, costume designer; Christophe Beck, music; Cara Silverman, editor; Judy Rhee, prouction designer; John Bailey, director of photography; Katie Mustard, Amanda J. Scarano, co-producers; Pierce Brosnan ... [et al.], executive producers. | ||
| 511 | 1 | _aAaron Johnson, Carey Mulligan, Pierce Brosnan, Susan Sarandon, Johnny Simmons, Zoe Kravitz, Michael Shannon. | |
| 538 | _aDVD, 16X9 (2.35:1) aspect ratio, 5.1 Dolby surround sound, 2.0 Dolby Digital. | ||
| 546 | _aSubtitled for the deaf and hard of hearing. | ||
| 546 | _aEnglish dialogue; Spanish subtitles. | ||
| 500 | _aLanguage information from DVD setup menu. Container doesn't indicate Spanish subtitles. | ||
| 521 | 8 | _aRating: R; for language, some sexual content and drug use. | |
| 500 | _aBonus features include interviews with the director and actors and deleted scenes. | ||
| 520 | _aThree months after Allen and Grace's son dies, a young woman shows up pregnant with his child. At first her arrival threatens to tear the family further apart, but eventually she proves to be the very thing that brings them back together. | ||
| 650 | 0 |
_aGrief _vDrama. _95724925 |
|
| 650 | 0 |
_aFamilies _vDrama. _95675607 |
|
| 650 | 7 |
_aPena _vTeatro. _2bidex _96512291 |
|
| 650 | 7 |
_aFamilias _vTeatro. _2bidex _95692802 |
|
| 655 | 0 |
_aFeature films. _96209119 |
|
| 655 | 0 |
_aFiction films. _96209120 |
|
| 655 | 0 |
_aVideo recordings for the hearing impaired. _96209121 |
|
| 655 | 7 |
_aFeature films. _2gsafd _96209119 |
|
| 700 | 1 |
_aFeste, Shana. _96209122 |
|
| 700 | 1 |
_aJohnson, Aaron. _976204 |
|
| 700 | 1 |
_aMulligan, Carey, _d1985- _972709 |
|
| 700 | 1 |
_aBrosnan, Pierce. _945531 |
|
| 700 | 1 |
_aSarandon, Susan, _d1946- _923755 |
|
| 700 | 1 |
_aSimmons, Johnny, _d1986- _95953261 |
|
| 700 | 1 |
_aKravitz, Zoe. _95762404 |
|
| 700 | 1 |
_aShannon, Michael. _933405 |
|
| 700 | 1 |
_aBeck, Christophe. _967037 |
|
| 710 | 2 |
_aNational Entertainment Media, Inc. _96209123 |
|
| 710 | 2 |
_aE1 Entertainment (Firm) _95709785 |
|
| 710 | 2 |
_aBarbarian Film Group. _96209124 |
|
| 710 | 2 |
_aOceana Media Finance. _96209125 |
|
| 710 | 2 |
_aSilverwood Films. _96209126 |
|
| 710 | 2 |
_aIrish Dreamtime (Firm) _969275 |
|
| 942 |
_cDVD _0139 |
||
| 994 |
_aC0 _bUINTA |
||
| 998 | _aa135195 | ||
| 999 |
_c70060 _d70060 |
||